Fuente Ovejuna.

I tiakina i:
Ngā taipitopito rārangi puna kōrero
Kaituhi matua: Vega, Lope de (autor)
Ētahi atu kaituhi: Marín, Juan María (edición)
Hōputu: Pukapuka
Reo:Pāniora
I whakaputaina: Madrid, España: Ediciones Cátedra, 1981.
Rangatū:Colección Letras Hispánicas,
Ngā marau:
Ngā Tūtohu: Tāpirihia he Tūtohu
Kāore He Tūtohu, Me noho koe te mea tuatahi ki te tūtohu i tēnei pūkete!

MARC

LEADER 00000nam a2200000 a 4500
001 UCX0787
003 CL-VaPUC
005 20241121151712.0
008 900316t19810000SP |||||||||||||||||spa|d
999 |c 222249  |d 222247 
020 |a 84-376-0273-4 
040 |c Pontificia Universidad Católica de Valparaíso 
082 0 4 |a 862 VEG 1981  |2 21 
100 |a Vega, Lope de  |e autor  |9 309247 
245 1 0 |a Fuente Ovejuna. 
260 |a Madrid, España:  |b Ediciones Cátedra,  |c 1981. 
300 |a 189 páginas. 
490 0 |a Colección Letras Hispánicas,   |n  137. 
500 |a c.2: Donación. Memo EDU. 4-11-2024. 
583 |a last modification  |c 19900316 00:00:00  |k Rodrigo Vera 
600 0 |9 309247  |a Vega, Lope de  |t Fuente Ovejuna (1619)  |v Historia y crítica 
650 0 |a Teatro español  |9 265077  |x Justicia colectiva  |y Siglo 17 (Siglo de Oro) 
650 0 |a Dramas españoles  |9 267081  |x Abuso de poder  |y Siglo 17 (Siglo de Oro) 
700 |a Marín, Juan María  |e edición  |9 316182 
942 |c BK  |2 ddc 
945 |d 19900316 00:00:00 
952 |0 0  |1 0  |4 0  |6 862_000000000000000_VEG_1981  |7 0  |8 R  |9 216701  |a BIBEDU  |b BIBEDU  |c MCIRC  |d 2019-11-15  |i 285452K  |o 862 VEG 1981  |p 285452K  |r 2023-01-13  |w 2019-11-15  |y BK_R  |k LIT 
952 |0 0  |1 0  |2 ddc  |4 0  |6 862_000000000000000_VEG_1981  |7 0  |8 R  |9 598199  |a BIBEDU  |b BIBEDU  |c MCIRC  |d 2024-11-21  |e Donación  |i 5663332  |o 862 VEG 1981  |p 5663332  |r 2024-11-21  |t 2  |w 2024-11-21  |y BK_R  |k EDU